| 000 | 00898nas a2200289 4500 | ||
|---|---|---|---|
| 001 | BR9702841 | ||
| 003 | BR-BrBNA | ||
| 005 | 20231205100233.0 | ||
| 007 | ta | ||
| 008 | 230509b bl.|||p| |||| 00| 00por d | ||
| 040 |
_aBR-BrBNA _bpor _cBiblioteca Nacional de Agricultura |
||
| 041 | _a(Pt) | ||
| 072 | _aL72 | ||
| 100 | 1 | _aSerra-Freire, N.M. | |
| 100 | 1 | _aFurlong, J. | |
| 245 | 1 | _aComportamento de Amblyomma cajennense (Fabricius, 1787)e Boophilus microplus (Canestrini, 1887)em infestacoes simultaneas em bovinos | |
| 650 | _aBoi | ||
| 650 | _aCarrapato | ||
| 650 | _aInfestacao | ||
| 650 | _aLarva | ||
| 650 | _aHospedeiro | ||
| 650 | _aHematologia | ||
| 650 | _aLongevidade | ||
| 773 | 0 |
_tRevista Brasileira de Parasitologia Veterinaria (Brazil) _xISSN 0103-846X _g(Aug 1993), v. 2(2) p. 99-104 _wBR9702841 |
|
| 909 |
_a202311 _bLúcia _c55 _dLúcia Elande |
||
| 942 |
_2AGRIS _n0 _cANA |
||
| 999 |
_c154893 _d154893 |
||